01104nam a2200253 i 4500001001000000003000900010005001700019007000300036008004100039040003000080041000700110082002300117100003700140245013400177264003700311300002900348336002700377337003300404338002800437505030300465650004200768650001900810650002100829000038296DO-SdBNP20251120101957.0ta130408s1993 dr 000 0 spa d aDO-SdBNPbspacBNPHUerda asp 4a347.06 bP645e2221 aPina Acevedo M., Ramóneautor.10aEn defensa de la prueba :bRoberto Tonos, Frank Valdez y Julio Alcántara ante la justicia dominicana /cRamón Pina Acevedo M. aSanto Domingo :bTaller ,c1993. a200 páginas ;c23 cm. ardacontentbtexto2txt ardamediabsin mediación2n ardacarrierbvolumen2nc aDefensa ante la Cámara de Calificación del Distrito Nacional 15|Primer escrito ampliativo 123|Segundo escrito ampliativo 135|Inventarios 141|Dos cartas memorables 157|En la búsqueda de frenar las arbitrariedades judiciales 165|Una última declaración de incapacidad policial y Judicial 187 4aDerecho penalzRepública Dominicana 4aNarcotráfico 0aPrueba (Derecho)